| 000 | 00561cam a2200181 a 4500 | ||
|---|---|---|---|
| 001 | 000007275 | ||
| 005 | 20200929154122.0 | ||
| 008 | 850822s1984 pr 000 0 spa | ||
| 040 |
_aDO-SdBNP _cDLC _dDLC |
||
| 082 |
_a910.4 _bD542p |
||
| 100 | 1 |
_aDíaz Montero, Aníbal, _d1911- _920187 |
|
| 245 | 1 | 0 |
_aPor otras tierras : _bcrónicas / _cAníbal Díaz Montero,. |
| 260 |
_aSanturce, Puerto Rico : _bDíaz-Mont, _c1984. |
||
| 300 |
_a133 p. ; _c21 cm. |
||
| 650 | 4 |
_aViajes _920188 |
|
| 650 | 4 |
_aAmérica _xGeografía _920189 |
|
| 910 | _aCatalogación por copia / LC | ||
| 999 |
_c7056 _d7056 |
||